000 00587nam a2200253Ia 4500
005 20260306155023.0
008 008 260114s9999 xx 000 0 eng d
020 _a9780511730320
037 _aEBOOK
040 _aCRL
040 _beng
040 _cCRL
041 _2eng
041 _aeng
084 _qCRL
100 _aAntczak/Ehrlich
_91128546
245 0 _aSurface Diffusion
260 _bCambridge University Press
260 _c2010
650 _aPhysics
856 _uhttps://doi.org/10.1017/CBO9780511730320
942 _cEBOOK
999 _c1709991
_d1709991